[Event "SR 2. liga A 2012/2013"]
[Site "?"]
[Date "2012.12.02"]
[Round "21.2"]
[White "Zatko, Gregor"]
[Black "Blaho, Stefan"]
[Result "1/2-1/2"]
[WhiteElo "2148"]
[BlackElo "2134"]
[PlyCount "81"]
[EventDate "2012.??.??"]
[WhiteTeam "DNV B"]
[BlackTeam "D. Streda B"]

1. d4 Nf6 2. Bf4 d5 3. e3 Bf5 4. c4 c6 5. Nc3 e6 6. Qb3 Qb6 7. c5 Qxb3 8. axb3
Nbd7 9. Nf3 a6 10. Be2 Be7 11. b4 O-O 12. Nd2 Rac8 13. Nb3 Bd8 14. Na5 Bxa5 15.
Rxa5 Rfe8 16. O-O e5 17. dxe5 Nxe5 18. Rd1 Bc2 19. Rd2 Bf5 20. h3 h6 21. Ra1
Re6 22. Na2 Rce8 23. Nc1 g5 24. Bxe5 Rxe5 25. Nb3 Ne4 26. Rdd1 Nxf2 27. Kxf2
Bc2 28. Nd4 Bxd1 29. Rxd1 Rxe3 30. Bd3 h5 31. Nf5 R3e5 32. g3 R8e6 33. g4 h4
34. Rd2 Re1 35. Be2 Rh1 36. Bf1 Rh2+ 37. Bg2 Re4 38. Nd4 f5 39. Nxf5 Rxb4 40.
Kg1 Rxg2+ 41. Kxg2 1/2-1/2

[Event "SR 2. liga A 2012/2013"]
[Site "?"]
[Date "2012.12.02"]
[Round "21.3"]
[White "Rachela, Jozef"]
[Black "Ochrana, Ladislav"]
[Result "0-1"]
[WhiteElo "2093"]
[BlackElo "2035"]
[PlyCount "120"]
[EventDate "2012.??.??"]
[WhiteTeam "D. Streda B"]
[BlackTeam "DNV B"]

1. e4 e5 2. Nf3 Nf6 3. Nc3 Nc6 4. Bc4 Nxe4 5. Bxf7+ Kxf7 6. Nxe4 Be7 7. d4 exd4
8. Neg5+ Kg8 9. O-O Bf6 10. Ne4 d6 11. Nxf6+ Qxf6 12. Qd3 Be6 13. c3 Qf5 14.
Qxf5 Bxf5 15. Nxd4 Nxd4 16. cxd4 Kf7 17. Be3 Ke6 18. Rac1 Kd7 19. Rc3 Be6 20.
Rfc1 c6 21. Bg5 Rhf8 22. a3 Rae8 23. Rg3 Rf7 24. Re1 Rf5 25. Bd2 g6 26. Rge3
Bf7 27. Rxe8 Bxe8 28. Bc3 Bf7 29. g3 Rf6 30. f4 Re6 31. Kf2 Rxe1 32. Kxe1 Ke6
33. Ke2 Kf5 34. h3 Ke4 35. Kf2 Be6 36. h4 Bg4 37. a4 b6 38. a5 c5 39. axb6 axb6
40. dxc5 bxc5 41. Bf6 c4 42. Be7 d5 43. Bd6 d4 44. Ke1 Kd3 45. Bc5 Ke3 46. Bd6
c3 47. bxc3 dxc3 48. Ba3 c2 49. Bc1+ Kf3 50. Kd2 Bf5 51. Bb2 Kxg3 52. Bf6 Kxf4
53. Bg5+ Kg4 54. Be7 h6 55. Bf8 g5 56. hxg5 h5 57. Ba3 Kg3 58. Ke2 Kg2 59. Ke3
h4 60. Kf4 Bd3 0-1

[Event "SR 2. liga A 2012/2013"]
[Site "?"]
[Date "2012.12.02"]
[Round "21.5"]
[White "Merva, Frantisek"]
[Black "Szollos, Ondrej"]
[Result "1-0"]
[WhiteElo "2006"]
[BlackElo "1979"]
[PlyCount "83"]
[EventDate "2012.??.??"]
[WhiteTeam "D. Streda B"]
[BlackTeam "DNV B"]

1. d4 Nf6 2. c4 d6 3. Nc3 Nbd7 4. e4 e5 5. Nge2 c6 6. g3 Be7 7. Bg2 O-O 8. O-O
Re8 9. f4 Qc7 10. fxe5 dxe5 11. d5 Qb6+ 12. Kh1 Ng4 13. Qe1 a5 14. Rf3 a4 15.
h3 Ngf6 16. g4 Rf8 17. Ng3 Nc5 18. Rb1 Ne8 19. Be3 h6 20. Bf1 Nd6 21. a3 Qa5
22. Qf2 b6 23. dxc6 Bh4 24. Qc2 Ba6 25. Nd5 Nb3 26. Nxb6 Nd4 27. Bxd4 exd4 28.
Nxa8 Rxa8 29. Nf5 Nxf5 30. Rxf5 Qc7 31. Bg2 Bc8 32. Rd5 Bf6 33. e5 Bxe5 34. Re1
f6 35. Rb5 Be6 36. Bd5 Qd6 37. Qf5 Re8 38. Bxe6+ Rxe6 39. Rb8+ Kf7 40. Rb7+ Kf8
41. Rb8+ Kf7 42. Qh5+ 1-0

[Event "SR 2. liga A 2012/2013"]
[Site "?"]
[Date "2012.12.02"]
[Round "21.6"]
[White "Antala, Jan"]
[Black "Csefalvay, Stefan"]
[Result "1/2-1/2"]
[WhiteElo "1945"]
[BlackElo "1912"]
[PlyCount "68"]
[EventDate "2012.??.??"]
[WhiteTeam "DNV B"]
[BlackTeam "D. Streda B"]

1. e4 c5 2. Nf3 Nc6 3. d4 cxd4 4. c3 Nf6 5. e5 Nd5 6. cxd4 e6 7. a3 Be7 8. Bc4
Nb6 9. Ba2 d5 10. O-O Bd7 11. Nc3 Na5 12. Nd2 Rc8 13. Nb3 Nac4 14. Qg4 g6 15.
Qf3 Na4 16. Nxa4 Bxa4 17. Nd2 Nxd2 18. Bxd2 O-O 19. Bb1 Qb6 20. Bc3 Bb3 21. Re1
Bc4 22. Qg3 Qd8 23. Qh3 Kg7 24. Bd2 h5 25. f4 Qb6 26. Bc3 Rc6 27. Kh1 Qa6 28.
g4 hxg4 29. Qxg4 Bd3 30. Bxd3 Qxd3 31. Rad1 Qf5 32. Qxf5 exf5 33. Rc1 Rfc8 34.
Bd2 Bh4 1/2-1/2

[Event "SR 2. liga A 2012/2013"]
[Site "?"]
[Date "2012.12.02"]
[Round "21.7"]
[White "Kahancova, Jana"]
[Black "Zitniak, Jozef"]
[Result "0-1"]
[WhiteElo "1597"]
[BlackElo "1906"]
[PlyCount "122"]
[EventDate "2012.??.??"]
[WhiteTeam "D. Streda B"]
[BlackTeam "DNV B"]

1. e4 e5 2. Nf3 d6 3. d4 exd4 4. Nxd4 Nf6 5. Nc3 Be7 6. Bc4 Bd7 7. Bd2 Nc6 8.
Nb3 a6 9. a4 O-O 10. O-O Ne5 11. Bd3 c5 12. f4 Nc6 13. Qe1 Be6 14. Be2 Nb4 15.
Qd1 Qc8 16. Kh1 Bg4 17. e5 Bxe2 18. Nxe2 dxe5 19. fxe5 Nfd5 20. Nf4 Nxf4 21.
Bxf4 Qe6 22. c3 Rfd8 23. Qc1 Qxb3 24. cxb4 Qxb4 25. Qc2 Rd7 26. Bg3 Rad8 27.
Rf4 Qd2 28. Qf5 Qxf4 29. Qxd7 Qd4 30. Qxd4 cxd4 31. Rd1 d3 32. Kg1 Bb4 33. Kf2
Bc5+ 34. Kf1 Rd4 35. Ke1 Bb4+ 36. Kf1 h6 37. Kf2 Bc5 38. Kf3 Rxa4 39. Rxd3 Ra2
40. Rd8+ Kh7 41. Rd7 Rxb2 42. Rxf7 Kg6 43. e6 Rb3+ 44. Kg4 Re3 45. Rxb7 Rxe6
46. h4 h5+ 47. Kh3 a5 48. Rb5 Bb4 49. Bc7 Ra6 50. Rg5+ Kh6 51. Bf4 Kh7 52.
Rxh5+ Kg8 53. Rg5 g6 54. h5 Kh7 55. hxg6+ Rxg6 56. Rxg6 Kxg6 57. Be5 a4 58. g4
a3 59. Bd4 a2 60. Be5 Bf8 61. Kg3 Bg7 0-1

[Event "SR 2. liga A 2012/2013"]
[Site "?"]
[Date "2012.12.02"]
[Round "22.1"]
[White "Slacky, Stanislav"]
[Black "Hajek, Lukas"]
[Result "1-0"]
[WhiteElo "2198"]
[BlackElo "2155"]
[PlyCount "153"]
[EventDate "2012.??.??"]
[WhiteTeam "Krasnany"]
[BlackTeam "Doprastav C"]

1. d4 Nf6 2. c4 g6 3. Nf3 Bg7 4. g3 d5 5. Bg2 dxc4 6. O-O O-O 7. Na3 c3 8. bxc3
c5 9. Rb1 Nc6 10. Nc4 Nd5 11. Qd2 Qc7 12. Ba3 Nb6 13. Ne3 Na4 14. Nd5 Qa5 15.
Bxc5 Nxc5 16. dxc5 Rd8 17. c4 Qxc5 18. Qf4 Qd6 19. Ng5 Qxf4 20. gxf4 Rb8 21.
Rfd1 Bf5 22. e4 Bg4 23. f3 Bd7 24. e5 Bf5 25. Ne4 Kf8 26. Rbc1 Rbc8 27. Kf2 Ke8
28. Kg3 Na5 29. Bf1 h6 30. h4 Be6 31. Kf2 b5 32. Ndc3 bxc4 33. Rxd8+ Kxd8 34.
Nb5 Rb8 35. Rd1+ Bd7 36. Bh3 e6 37. Nbd6 Rb2+ 38. Ke3 Ke7 39. Nxf7 Ba4 40. Rd6
Kxf7 41. Ra6 Rxa2 42. Rxa7+ Kf8 43. Rxa5 Ra3+ 44. Kf2 Ra2+ 45. Kg3 Bb3 46. Rxa2
Bxa2 47. Nc3 Bb3 48. Bxe6 Ke7 49. Bd5 Kd7 50. Ne4 Ba2 51. Kg4 Bf8 52. h5 gxh5+
53. Kxh5 c3 54. Nxc3 Bxd5 55. Nxd5 Ke6 56. Nc3 Kf5 57. Ne2 Bg7 58. Kh4 Bf8 59.
Kg3 Bc5 60. Nc3 Bb4 61. Nd5 Bd2 62. Ne7+ Ke6 63. Nc6 Be3 64. Kg4 Kd7 65. Nb4
h5+ 66. Kf5 h4 67. e6+ Kd6 68. Kf6 Bc5 69. Nd3 Ba3 70. Nf2 Bc5 71. Ne4+ Kd5 72.
e7 Bxe7+ 73. Kxe7 h3 74. f5 h2 75. Nf2 Kd4 76. f6 Ke3 77. Ng4+ 1-0

[Event "SR 2. liga A 2012/2013"]
[Site "?"]
[Date "2012.12.02"]
[Round "22.2"]
[White "Todor, Razvan"]
[Black "Bronis, Marian"]
[Result "1/2-1/2"]
[WhiteElo "2202"]
[BlackElo "2165"]
[PlyCount "84"]
[EventDate "2012.??.??"]
[WhiteTeam "Doprastav C"]
[BlackTeam "Krasnany"]

1. c4 g6 2. Nc3 Bg7 3. g3 Nf6 4. Bg2 O-O 5. e4 d6 6. Nge2 c5 7. O-O Nc6 8. d3
Nd4 9. h3 Ne8 10. Rb1 Nc7 11. Nxd4 cxd4 12. Ne2 Rb8 13. a4 Bd7 14. b4 a5 15.
bxa5 e5 16. Ba3 Bc6 17. Qd2 Bxa4 18. Rb6 Bc6 19. Rfb1 Re8 20. Nc1 Bf8 21. Na2
Na6 22. Nb4 Nxb4 23. Bxb4 Ra8 24. Qb2 h5 25. Bd2 Kh7 26. Ra1 Qc7 27. Rf1 Bh6
28. Bb4 Kg8 29. Qa3 Qxb6 30. axb6 Rxa3 31. Bxa3 Bf8 32. Ra1 Ra8 33. Bb2 Rxa1+
34. Bxa1 Be7 35. Bb2 Kf8 36. Ba3 Ba4 37. Kf1 Ke8 38. f4 f6 39. f5 g5 40. Bf3 h4
41. gxh4 gxh4 42. Bb4 Kf7 1/2-1/2

[Event "SR 2. liga A 2012/2013"]
[Site "?"]
[Date "2012.12.02"]
[Round "22.3"]
[White "Petreje, Juraj"]
[Black "Frindt, Kornel"]
[Result "1/2-1/2"]
[WhiteElo "2150"]
[BlackElo "2189"]
[PlyCount "115"]
[EventDate "2012.??.??"]
[WhiteTeam "Krasnany"]
[BlackTeam "Doprastav C"]

1. d4 Nf6 2. c4 g6 3. Nc3 Bg7 4. e4 d6 5. Be2 O-O 6. Nf3 e5 7. dxe5 dxe5 8.
Qxd8 Rxd8 9. Bg5 Re8 10. Rd1 h6 11. Bh4 Nc6 12. h3 Be6 13. g4 Nd7 14. Nd5 Rac8
15. O-O Kf8 16. Bg3 Nc5 17. Bd3 Nxd3 18. Rxd3 Nd4 19. Nxd4 exd4 20. b3 Bxd5 21.
exd5 Re2 22. a4 c6 23. dxc6 Rxc6 24. Rb1 Ke7 25. Kf1 Rce6 26. Rbd1 Kd7 27. Bb8
b6 28. a5 bxa5 29. Bxa7 Kc6 30. Ra1 Rc2 31. Rxa5 Rc1+ 32. Kg2 Rc3 33. Rxc3 dxc3
34. Ra2 Kb7 35. Be3 Rd6 36. Kf3 Rd1 37. Ra7+ Kc8 38. Rxf7 c2 39. Rxg7 Rd3 40.
Ke2 Rxe3+ 41. Kd2 Rxb3 42. Kxc2 Rxh3 43. Rxg6 Rh2 44. Kc3 Rxf2 45. Rxh6 Kd7 46.
Rg6 Ke7 47. Kb4 Rb2+ 48. Kc5 Rg2 49. Kb6 Rb2+ 50. Kc6 Rb4 51. c5 Kf7 52. Rg5
Kf6 53. Rf5+ Ke6 54. Rf1 Rxg4 55. Re1+ Kf5 56. Kc7 Rc4 57. c6 Rc2 58. Kd8
1/2-1/2

[Event "SR 2. liga A 2012/2013"]
[Site "?"]
[Date "2012.12.02"]
[Round "22.4"]
[White "Varholakova, Niki"]
[Black "Kebis, Milos"]
[Result "1-0"]
[WhiteElo "2200"]
[BlackElo "2002"]
[PlyCount "115"]
[EventDate "2012.??.??"]
[WhiteTeam "Doprastav C"]
[BlackTeam "Krasnany"]

1. e4 c6 2. c4 e5 3. Nc3 Nf6 4. Nf3 d6 5. d4 Nbd7 6. Be2 Be7 7. O-O O-O 8. Bg5
Re8 9. Qc2 Qc7 10. Rfd1 Nf8 11. d5 c5 12. Ne1 h6 13. Bd2 a6 14. a3 Bd7 15. Rdb1
Rec8 16. a4 b6 17. Ra3 Qd8 18. Rba1 a5 19. Rb3 Ne8 20. Nd1 Ng6 21. Qc1 Rab8 22.
g3 Nf6 23. Bf3 Qe8 24. Nc3 Nh7 25. Bg2 Ng5 26. Nc2 Nh3+ 27. Kf1 Bg5 28. Bxg5
Nxg5 29. Ne3 Ne7 30. Nb5 Bxb5 31. Rxb5 Qd7 32. h4 Nh7 33. Ra3 f5 34. Bh3 Rf8
35. Rab3 Qe8 36. Nxf5 Nxf5 37. Bxf5 Qd8 38. Qd1 Nf6 39. g4 Kh8 40. g5 Ng8 41.
Qh5 Ne7 42. Bg6 Nxg6 43. Qxg6 Rb7 44. Rg3 Rbf7 45. Rg2 Qe8 46. Qxd6 Rd7 47. Qe6
Re7 48. Qg4 h5 49. Qe2 Qg6 50. Rb3 Ref7 51. Rxb6 Qxb6 52. Qxh5+ Kg8 53. g6
Rxf2+ 54. Rxf2 Rxf2+ 55. Kxf2 Qxb2+ 56. Kg3 Qc3+ 57. Qf3 Qe1+ 58. Qf2 1-0

[Event "SR 2. liga A 2012/2013"]
[Site "?"]
[Date "2012.12.02"]
[Round "22.5"]
[White "Povysil, Peter"]
[Black "Petrik, Stanislav"]
[Result "0-1"]
[WhiteElo "1993"]
[BlackElo "2171"]
[PlyCount "109"]
[EventDate "2012.??.??"]
[WhiteTeam "Krasnany"]
[BlackTeam "Doprastav C"]

1. Nf3 Nf6 2. e3 b6 3. b3 g6 4. Bb2 Bg7 5. Be2 c5 6. O-O O-O 7. d3 Bb7 8. Nbd2
Nc6 9. Re1 d6 10. Bf1 e5 11. a4 Ng4 12. h3 Nh6 13. e4 f5 14. g3 Qf6 15. Bg2 Rf7
16. Rf1 Raf8 17. exf5 gxf5 18. Nh2 Nd8 19. Bxb7 Rxb7 20. Nc4 Qg6 21. Kh1 Re7
22. Ne3 f4 23. Nd5 Ref7 24. g4 e4 25. Bxg7 Rxg7 26. dxe4 Qxe4+ 27. f3 Qg6 28.
Re1 Nc6 29. Qe2 Ne5 30. Qe4 Qf7 31. Rad1 Rg6 32. Nc3 Qe7 33. Qe2 Qh4 34. Qf1
Nhf7 35. Ne4 Rd8 36. Kg2 Rh6 37. Kg1 d5 38. g5 Nxg5 39. Qg2 Rg6 40. Nf6+ Rxf6
41. Rxe5 Rg6 42. Ng4 Nxh3+ 43. Kf1 d4 44. Qe2 Rf8 45. Re1 Ng5 46. Qc4+ Kh8 47.
Qd5 Qh3+ 48. Kf2 Qg3+ 49. Ke2 Qg2+ 50. Nf2 Nh3 51. Re7 Qxf2+ 52. Kd1 Qh4 53.
Qe5+ Qf6 54. Qh5 Rh6 55. Qg4 0-1

[Event "SR 2. liga A 2012/2013"]
[Site "?"]
[Date "2012.12.02"]
[Round "22.6"]
[White "Petrik, Karol"]
[Black "Kohlman, Robert"]
[Result "1/2-1/2"]
[WhiteElo "2091"]
[BlackElo "2184"]
[PlyCount "50"]
[EventDate "2012.??.??"]
[WhiteTeam "Doprastav C"]
[BlackTeam "Krasnany"]

1. e4 d6 2. d4 Nf6 3. Nc3 g6 4. Nge2 Bg7 5. g3 O-O 6. Bg2 c6 7. O-O e5 8. h3
Na6 9. Be3 Be6 10. f4 exf4 11. Nxf4 Qa5 12. Qd2 Rad8 13. Rf2 Bc8 14. Raf1 c5
15. Ncd5 Qxd2 16. Rxd2 Nxd5 17. Nxd5 Be6 18. dxc5 Nxc5 19. Bg5 Bxd5 20. Bxd8
Bc4 21. Be7 Re8 22. Bxd6 Bxf1 23. Kxf1 Nxe4 24. Bxe4 Rxe4 25. Bc5 Bxb2 1/2-1/2

[Event "SR 2. liga A 2012/2013"]
[Site "?"]
[Date "2012.12.02"]
[Round "22.7"]
[White "Mandak, Miroslav"]
[Black "Krajnak, Robert"]
[Result "1/2-1/2"]
[WhiteElo "1973"]
[BlackElo "2075"]
[PlyCount "118"]
[EventDate "2012.??.??"]
[WhiteTeam "Krasnany"]
[BlackTeam "Doprastav C"]

1. e4 c5 2. Nc3 e6 3. g3 Nc6 4. Bg2 Rb8 5. Nge2 b5 6. O-O b4 7. Nb1 Nge7 8. b3
Ba6 9. d3 Nd4 10. a3 Nec6 11. axb4 Nxb4 12. Nxd4 cxd4 13. Bd2 Qb6 14. Na3 Be7
15. Nc4 Bxc4 16. dxc4 O-O 17. Bxb4 Bxb4 18. Qd3 Bc3 19. Rab1 a5 20. Rfd1 a4 21.
bxa4 Qxb1 22. Rxb1 Rxb1+ 23. Bf1 Ra8 24. Kg2 Rxa4 25. Qf3 Bb4 26. Bd3 Bf8 27.
e5 Re1 28. Qb7 Rxe5 29. Qxd7 Raa5 30. Qd8 g6 31. Qxd4 Rec5 32. Qd8 Ra6 33. h4
Rd6 34. Qb8 Rd4 35. Qa8 e5 36. h5 e4 37. hxg6 hxg6 38. Bxe4 Rcxc4 39. Bd3 Rc7
40. Qe8 Re7 41. Qc8 Rd6 42. Qb8 Rf6 43. Qd8 Kg7 44. Qd4 Ree6 45. g4 Rd6 46. Qa1
Kg8 47. Qe5 Rfe6 48. Qf4 Rc6 49. Qb8 Rc5 50. Qf4 Bd6 51. Qa4 Be5 52. f4 Bg7 53.
f5 gxf5 54. gxf5 Rf6 55. Qa8+ Bf8 56. Qf3 Rc3 57. Qg3+ Bg7 58. Qb8+ Bf8 59. Qe5
Rcc6 1/2-1/2

[Event "SR 2. liga A 2012/2013"]
[Site "?"]
[Date "2012.12.02"]
[Round "22.8"]
[White "Farkas, Vladimir"]
[Black "Lenhart, Juraj"]
[Result "0-1"]
[WhiteElo "1898"]
[BlackElo "2126"]
[PlyCount "78"]
[EventDate "2012.??.??"]
[WhiteTeam "Doprastav C"]
[BlackTeam "Krasnany"]

1. e4 c5 2. Nf3 Nc6 3. d4 cxd4 4. Nxd4 e5 5. Nxc6 bxc6 6. Bc4 Nf6 7. Qe2 Bb4+
8. c3 Be7 9. O-O O-O 10. Nd2 d5 11. Bb3 Qc7 12. Bc2 a5 13. Re1 Ba6 14. Bd3 Bxd3
15. Qxd3 Rfd8 16. Qe2 d4 17. Qc4 h6 18. b3 dxc3 19. Qxc3 Rd4 20. Qc2 Bb4 21. a3
Bxd2 22. Bxd2 Rad8 23. Bc3 Rd3 24. Rac1 Qb6 25. b4 axb4 26. Bxb4 Qd4 27. Bc5
Qd7 28. f3 Nh5 29. Be3 Qe7 30. Qc5 R8d6 31. Rc3 Qh4 32. Bf2 Qg5 33. Be3 Qh4 34.
Bf2 Qf6 35. Rxd3 Rxd3 36. Be3 Qe6 37. Qc2 Rxa3 38. Bc5 Ra2 39. Qc3 Nf4 0-1

[Event "SR 2. liga A 2012/2013"]
[Site "?"]
[Date "2012.12.02"]
[Round "23.1"]
[White "Berczes, Csaba"]
[Black "Pagerka, Martin"]
[Result "1-0"]
[WhiteElo "2388"]
[BlackElo "2261"]
[PlyCount "77"]
[EventDate "2012.??.??"]
[WhiteTeam "Gabcikovo"]
[BlackTeam "Osuske B"]

1. Nf3 c5 2. g3 Nc6 3. d4 cxd4 4. Nxd4 e5 5. Nb5 d6 6. Bg2 Be7 7. c4 h6 8. b3
a6 9. N5c3 Nf6 10. Nd2 O-O 11. Nf1 Rb8 12. Ne3 Nd4 13. O-O b5 14. cxb5 axb5 15.
Bb2 Nf5 16. Ned5 Ne8 17. e4 Nd4 18. Nxe7+ Qxe7 19. Nd5 Qa7 20. Bxd4 exd4 21.
Qd2 Be6 22. Nb4 Rc8 23. Rfd1 Nf6 24. Qxd4 Qa3 25. Qd2 Rc7 26. Nc2 Qa6 27. Nd4
Qb6 28. a4 bxa4 29. bxa4 Bc4 30. a5 Qc5 31. Nf5 Rd8 32. Qd4 Ne8 33. Qxc5 Rxc5
34. a6 g6 35. a7 Ra8 36. Ne7+ Kf8 37. e5 Rd8 38. exd6 Nxd6 39. Rxd6 1-0

[Event "SR 2. liga A 2012/2013"]
[Site "?"]
[Date "2012.12.02"]
[Round "23.2"]
[White "Cajka, Tibor"]
[Black "Janko, Michal"]
[Result "0-1"]
[WhiteElo "2170"]
[BlackElo "2294"]
[PlyCount "56"]
[EventDate "2012.??.??"]
[WhiteTeam "Osuske B"]
[BlackTeam "Gabcikovo"]

1. e4 g6 2. d4 Bg7 3. Nc3 d6 4. Be3 a6 5. Qd2 b5 6. f4 Bb7 7. Bd3 Nd7 8. Nf3 c5
9. O-O cxd4 10. Bxd4 Bxd4+ 11. Nxd4 Qb6 12. Qf2 Ngf6 13. Nb3 Qxf2+ 14. Rxf2 b4
15. Na5 bxc3 16. Nxb7 Rb8 17. Na5 cxb2 18. Rb1 Nc5 19. Re2 Na4 20. c3 Kd7 21.
Bxa6 Nxc3 22. Rexb2 Nxb1 23. Bb5+ Rxb5 24. Rxb5 Nc3 25. Rb7+ Ke6 26. Nc6 Nfxe4
27. Rxe7+ Kf6 28. g4 h6 0-1

[Event "SR 2. liga A 2012/2013"]
[Site "?"]
[Date "2012.12.02"]
[Round "23.4"]
[White "Jozefek, Michal"]
[Black "Janko, Ladislav"]
[Result "1-0"]
[WhiteElo "2060"]
[BlackElo "2212"]
[PlyCount "63"]
[EventDate "2012.??.??"]
[WhiteTeam "Osuske B"]
[BlackTeam "Gabcikovo"]

1. d4 g6 2. c4 Bg7 3. Nc3 d6 4. e4 Nc6 5. d5 Nd4 6. Be3 c5 7. Nge2 Qb6 8. Qd2
Bg4 9. f3 Bxf3 10. Na4 Qa6 11. Nxd4 cxd4 12. Bxd4 Bxd4 13. Qxd4 Nf6 14. c5 Qa5+
15. Nc3 Bxe4 16. cxd6 Bxd5 17. Qe5 Kf8 18. dxe7+ Kg7 19. Bc4 Rhe8 20. O-O-O
Rxe7 21. Qxe7 Bxc4 22. Kb1 b5 23. Rd6 Ng4 24. Qe4 Qb4 25. Rhd1 Rc8 26. a3 Qb3
27. Qxg4 b4 28. axb4 Be6 29. Qd4+ Kh6 30. Rxe6 Qxe6 31. Rd3 f6 32. Qe3+ 1-0

[Event "SR 2. liga A 2012/2013"]
[Site "?"]
[Date "2012.12.02"]
[Round "23.5"]
[White "Dvorsky, Jozef"]
[Black "Spacek, Oliver"]
[Result "1-0"]
[WhiteElo "2020"]
[BlackElo "1977"]
[PlyCount "69"]
[EventDate "2012.??.??"]
[WhiteTeam "Gabcikovo"]
[BlackTeam "Osuske B"]

1. e4 c5 2. Nf3 Nc6 3. c4 e5 4. Nc3 d6 5. h3 g6 6. g4 Nge7 7. d3 h5 8. g5 Bg7
9. Be2 Nd4 10. Nxd4 exd4 11. Nd5 Nxd5 12. cxd5 Bd7 13. Bd2 b5 14. Rc1 a5 15. b3
O-O 16. f4 f5 17. e5 dxe5 18. Rxc5 Qe7 19. Rc2 exf4 20. Bxf4 Be5 21. Qd2 Rac8
22. Rxc8 Rxc8 23. Kf2 Qd6 24. Bxe5 Qxe5 25. Bf3 f4 26. Re1 Qxg5 27. Rg1 Qh4+
28. Ke2 g5 29. Kd1 Bxh3 30. Qe2 Kf8 31. Qe5 Kf7 32. Rxg5 Bg4 33. Qxf4+ Ke8 34.
Rg8+ Kd7 35. Rg7+ 1-0

[Event "SR 2. liga A 2012/2013"]
[Site "?"]
[Date "2012.12.02"]
[Round "23.7"]
[White "Puobis, Jozef"]
[Black "Pericka, Tomas"]
[Result "0-1"]
[WhiteElo "1910"]
[BlackElo "2029"]
[PlyCount "108"]
[EventDate "2012.??.??"]
[WhiteTeam "Gabcikovo"]
[BlackTeam "Osuske B"]

1. e4 c5 2. d4 cxd4 3. Qxd4 Nc6 4. Qd3 g6 5. Nc3 Bg7 6. Nf3 Nf6 7. Be2 O-O 8.
Nd5 d6 9. c3 Be6 10. Nxf6+ Bxf6 11. O-O Qb6 12. Bg5 Ne5 13. Nxe5 Bxg5 14. Nf3
Bf6 15. Qb5 Qc6 16. Qxc6 bxc6 17. Nd4 Bd7 18. f4 Rab8 19. Rab1 Rb6 20. Rfc1 a5
21. Bd3 Rfb8 22. b3 c5 23. Nf3 a4 24. e5 Bg7 25. Bc2 axb3 26. axb3 Bc6 27. exd6
exd6 28. Bd1 Be4 29. Ra1 Bd5 30. Nd2 Be6 31. Ra3 d5 32. Ra5 Rb5 33. Rxb5 Rxb5
34. Kf2 Ra5 35. c4 Ra2 36. Rc2 Ra1 37. cxd5 Bf5 38. Ke2 Bxc2 39. Bxc2 Kf8 40.
Nb1 Ke7 41. Kd3 Kd6 42. Kc4 f5 43. g3 Ra2 44. Kd3 Kxd5 45. Nd2 Bd4 46. h3 h5
47. Bb1 Ra1 48. Ke2 Bc3 49. Bd3 Bxd2 50. Kxd2 Kd4 51. g4 Ra2+ 52. Bc2 fxg4 53.
hxg4 hxg4 54. Kd1 g3 0-1

[Event "SR 2. liga A 2012/2013"]
[Site "?"]
[Date "2012.12.02"]
[Round "23.8"]
[White "Nemeckay, Rastislav"]
[Black "Kosar, Mikulas"]
[Result "1/2-1/2"]
[WhiteElo "1980"]
[BlackElo "1738"]
[PlyCount "60"]
[EventDate "2012.??.??"]
[WhiteTeam "Osuske B"]
[BlackTeam "Gabcikovo"]

1. e4 e5 2. Nf3 Nf6 3. Nxe5 d6 4. Nf3 Nxe4 5. Nc3 Nf6 6. d4 d5 7. Bg5 Be6 8.
Bd3 Be7 9. O-O O-O 10. Ne5 Nfd7 11. Bxe7 Qxe7 12. f4 f5 13. Ne2 Nf6 14. c3 c6
15. Kh1 Ne4 16. Qe1 Nd7 17. Ng1 Ndf6 18. Ngf3 g6 19. Qh4 Qg7 20. Ng5 Nxg5 21.
Qxg5 Ne4 22. Qh4 Qf6 23. Qxf6 Nxf6 24. g3 Rae8 25. Kg2 Kg7 26. Rae1 h5 27. Re2
Ne4 28. Nf3 Rf7 29. Bb1 Rfe7 30. Rfe1 Kf6 1/2-1/2

[Event "SR 2. liga A 2012/2013"]
[Site "?"]
[Date "2012.12.02"]
[Round "24.1"]
[White "Oprea, Erik"]
[Black "Federic, Jozef"]
[Result "1/2-1/2"]
[WhiteElo "2125"]
[BlackElo "2299"]
[PlyCount "143"]
[EventDate "2012.??.??"]
[WhiteTeam "DNV A"]
[BlackTeam "Modra B"]

1. e4 c5 2. Nf3 e6 3. d4 cxd4 4. Nxd4 Nf6 5. Nc3 Nc6 6. a3 d6 7. Be2 Be7 8. Be3
a6 9. O-O O-O 10. f4 Qc7 11. Kh1 Re8 12. g4 Nxd4 13. Bxd4 e5 14. Be3 exf4 15.
Bxf4 Be6 16. g5 Nd7 17. Nd5 Bxd5 18. exd5 Ne5 19. Bxe5 dxe5 20. Bd3 Bxg5 21.
Be4 Rad8 22. Qh5 h6 23. h4 Bf4 24. Rg1 Rd6 25. Qg4 g6 26. h5 Bg5 27. hxg6 fxg6
28. Raf1 Rf8 29. Rxf8+ Kxf8 30. Rf1+ Kg7 31. Rf3 Qd7 32. Qg1 Bf4 33. c4 Rf6 34.
c5 g5 35. Rb3 Rf7 36. Qg2 Qa4 37. Bc2 Qc4 38. Rc3 Qd4 39. Qe4 Kf8 40. Qxd4 exd4
41. Rc4 Be5 42. d6 Rf2 43. b4 Rf3 44. Be4 Rc3 45. Bd5 Rxc4 46. Bxc4 Ke8 47. Bd5
b6 48. cxb6 Bxd6 49. Bc4 Kd7 50. Bxa6 Kc6 51. b7 Kb6 52. Bd3 Kxb7 53. Kg2 h5
54. Bg6 h4 55. Bf5 Kb6 56. Kf3 Kb5 57. Be6 Bf4 58. Ke4 Be3 59. Kd3 Ka4 60. Bd7+
Kxa3 61. Kc4 Kb2 62. Kd3 Kb3 63. b5 Kb4 64. b6 Kc5 65. b7 Bf4 66. Be6 Bb8 67.
Ke4 Ba7 68. Bg4 Kc4 69. Kf5 d3 70. Kxg5 h3 71. Bxh3 d2 72. Bg4 1/2-1/2

[Event "SR 2. liga A 2012/2013"]
[Site "?"]
[Date "2012.12.02"]
[Round "24.2"]
[White "Banas, Kamil"]
[Black "Hricak, Vasil"]
[Result "1-0"]
[WhiteElo "2228"]
[BlackElo "2124"]
[PlyCount "45"]
[EventDate "2012.??.??"]
[WhiteTeam "Modra B"]
[BlackTeam "DNV A"]

1. d4 d6 2. e4 Nf6 3. Nc3 e5 4. Nf3 Nbd7 5. h3 Be7 6. Be3 c6 7. Qd2 Qc7 8. a4
a5 9. Bc4 h6 10. g4 g5 11. Bb3 Nf8 12. O-O-O Be6 13. d5 Bd7 14. Nxe5 dxe5 15.
d6 Bxd6 16. Qxd6 Qxd6 17. Rxd6 Be6 18. f3 Bxb3 19. cxb3 Ne6 20. Ne2 Ke7 21.
Rhd1 Nd4 22. Nxd4 Kxd6 23. Nb5+ 1-0

[Event "SR 2. liga A 2012/2013"]
[Site "?"]
[Date "2012.12.02"]
[Round "24.3"]
[White "Machalova, Maria"]
[Black "Federic, Pavol"]
[Result "1-0"]
[WhiteElo "2105"]
[BlackElo "2192"]
[PlyCount "53"]
[EventDate "2012.??.??"]
[WhiteTeam "DNV A"]
[BlackTeam "Modra B"]

1. c4 Nf6 2. Nc3 d5 3. cxd5 Nxd5 4. d4 g6 5. e4 Nxc3 6. bxc3 Bg7 7. Be3 O-O 8.
Be2 c5 9. Qd2 Nc6 10. Rd1 Qa5 11. h3 Be6 12. Nf3 Rfd8 13. O-O Bxa2 14. Qb2 cxd4
15. cxd4 Be6 16. Qxb7 Bd7 17. Bf4 Qb4 18. Ba6 e5 19. Nxe5 Rab8 20. Qc7 Nxe5 21.
dxe5 Qb6 22. Rxd7 Rxd7 23. Qxd7 Qxa6 24. e6 Rb7 25. Qc8+ Bf8 26. Bh6 Qxe6 27.
Qxf8# 1-0

[Event "SR 2. liga A 2012/2013"]
[Site "?"]
[Date "2012.12.02"]
[Round "24.4"]
[White "Mydlarik, Martin"]
[Black "Sosovicka, Juraj"]
[Result "0-1"]
[WhiteElo "2114"]
[BlackElo "2089"]
[PlyCount "86"]
[EventDate "2012.??.??"]
[WhiteTeam "Modra B"]
[BlackTeam "DNV A"]

1. d4 Nf6 2. Nf3 d5 3. e3 c6 4. Bd3 Bg4 5. b3 Nbd7 6. Bb2 e6 7. Nbd2 Be7 8. O-O
O-O 9. c4 c5 10. h3 Bh5 11. Rc1 Rc8 12. g4 Bg6 13. Bxg6 hxg6 14. Ne5 cxd4 15.
exd4 dxc4 16. bxc4 Nxe5 17. dxe5 Nd7 18. Nb3 Qc7 19. Qe2 Nc5 20. Nd4 a6 21. f4
Na4 22. Nb3 Nxb2 23. Qxb2 Rfd8 24. Qe2 a5 25. Rf3 Bb4 26. Rc2 b5 27. c5 a4 28.
Nc1 Bxc5+ 29. Kg2 Qb7 30. Nd3 Be7 31. Rxc8 Rxc8 32. Kg3 Qc6 33. Nf2 b4 34. Rd3
Qc2 35. Rd2 Qc4 36. Qd1 g5 37. fxg5 Bxg5 38. Rd4 Qxa2 39. Ne4 Be7 40. g5 Qb3+
41. Qxb3 axb3 42. Rd3 b2 43. Rb3 Rc3+ 0-1